000 00671nam a22002177a 4500
005 20140310183640.0
008 131216b xxu||||| |||| 00| 0 eng d
020 _a9781452203638
050 _a HF 5823
_b.AL469 2013
100 _aAltstiel, Tom.
245 _aAdvertising creative :
_bstrategy, copy, and design /
_cTom Altstiel, Jean Grow.
250 _a3rd ed.
260 _aThousand Oaks :
_bSAGE Publications,
_c2013.
300 _axxii, 420 p. :
_bill. ;
_c28 cm.
504 _aIncludes bibliographical references and index.
521 _aBSBA
650 _aAdvertising.
700 _aGrow, Jean.
_eauthor.
942 _2lcc
_cBK
_kFOR
999 _c25808
_d25808